[Event "Bundesliga 0809"]
[Site "Germany"]
[Date "2008.10.25"]
[Round "3.5"]
[White "Schneider, Ilja"]
[Black "Shengelia, Davit"]
[Result "1-0"]
[WhiteElo "2486"]
[BlackElo "2547"]
[PlyCount "91"]
[EventDate "2008.10.03"]
[EventType "team-tourn"]
[EventRounds "15"]
[EventCountry "GER"]
[SourceTitle "CBM 126 Extra"]
[Source "ChessBase"]
[SourceDate "2008.11.05"]
[SourceVersion "1"]
[SourceVersionDate "2008.11.05"]
[SourceQuality "1"]
[WhiteTeam "Berlin SF"]
[BlackTeam "Kreuzberg"]
[WhiteTeamCountry "GER"]
[BlackTeamCountry "GER"]

1. e4 c5 2. c3 a6 3. Nf3 b5 4. a4 Bb7 5. axb5 Bxe4 6. bxa6 Qb6 7. d4 Nxa6 8.
Nbd2 Bb7 9. Nc4 Qe6+ 10. Be3 Nh6 11. Ng5 Qf6 12. dxc5 Nxc5 13. Rxa8+ Bxa8 14.
Qa1 Bc6 15. Qa7 Nb7 16. Qb8+ Nd8 17. Ne5 e6 18. Nxc6 dxc6 19. Nf3 Be7 20. Bd3
e5 21. Qxe5 Ng4 22. Qxf6 Bxf6 23. Bd4 Ne6 24. h3 Nxd4 25. cxd4 Nh6 26. g4 Ng8
27. O-O h6 28. Ra1 Bd8 29. Ne5 Ne7 30. Bc4 O-O 31. Nxf7 Bb6 32. Nd8+ Kh7 33.
Ne6 Rb8 34. Re1 Nd5 35. Bxd5 cxd5 36. Re5 Kg8 37. Rxd5 Kf7 38. Nf4 g5 39. Rd7+
Ke8 40. Rg7 Bd8 41. Ne6 Rxb2 42. Nxd8 Kxd8 43. Rg6 Rd2 44. Rxh6 Rxd4 45. Rh5
Rd5 46. Kg2 1-0

[Event "Berlin"]
[Site "Berlin"]
[Date "2009.07.05"]
[Round "2"]
[White "Schneider, Ilja"]
[Black "Rabiega, Robert"]
[Result "1-0"]
[WhiteElo "2508"]
[BlackElo "2551"]
[PlyCount "199"]
[EventDate "2009.07.04"]
[EventType "tourn"]
[EventRounds "11"]
[EventCountry "GER"]
[EventCategory "10"]
[SourceTitle "CBM 131 Extra"]
[Source "ChessBase"]
[SourceDate "2009.09.03"]
[SourceVersion "2"]
[SourceVersionDate "2009.09.16"]
[SourceQuality "1"]

1. Nf3 d5 2. c4 e6 3. d4 Nf6 4. g3 dxc4 5. Bg2 Nc6 6. Qa4 Bd7 7. Qxc4 Na5 8.
Qd3 c5 9. Nc3 Bc6 10. O-O cxd4 11. Nxd4 Bxg2 12. Kxg2 Bc5 13. Qb5+ Nd7 14. Rd1
a6 15. Qd3 Qe7 16. Ne4 O-O 17. Nxc5 Nxc5 18. Qc3 Nc6 19. Nxc6 bxc6 20. Be3 Nd7
21. Qxc6 Ne5 22. Qe4 Ng6 23. Rac1 Rac8 24. Rxc8 Rxc8 25. Rc1 Rb8 26. b3 h6 27.
Qc6 Qb4 28. Qxa6 Qe4+ 29. Kg1 Ra8 30. Rc8+ Rxc8 31. Qxc8+ Kh7 32. Qc1 f5 33.
Qd1 h5 34. a4 h4 35. a5 Qc6 36. Bg5 Qb5 37. Bd8 h3 38. Bb6 Ne5 39. Qf1 Kg8 40.
Bd4 Nc6 41. e3 Qxa5 42. Qxh3 Nxd4 43. exd4 Qc3 44. Qf1 Qxb3 45. Qe2 Kf7 46. Qe3
Qb1+ 47. Kg2 Qb7+ 48. f3 Qb2+ 49. Kh3 Qb5 50. g4 Qd5 51. Kg3 fxg4 52. fxg4 Kg8
53. h4 Qd6+ 54. Qe5 Qc6 55. h5 Qd7 56. g5 Qc6 57. g6 Qc3+ 58. Kh4 Qc8 59. h6
gxh6 60. Kh5 Qf8 61. Qxe6+ Kh8 62. Qe3 Kg8 63. Qe6+ Kh8 64. Qe5+ Kg8 65. d5
Qf3+ 66. Kxh6 Qh1+ 67. Kg5 Qg2+ 68. Kf6 Qf2+ 69. Ke6 Qa2 70. Ke7 Qa7+ 71. Kf6
Qf2+ 72. Qf5 Qd4+ 73. Ke6 Qe3+ 74. Qe5 Qb3 75. Qf4 Kg7 76. Qf5 Kh6 77. Kf6 Qc3+
78. Qe5 Qf3+ 79. Qf5 Qc3+ 80. Ke6 Qc8+ 81. Kf6 Qh8+ 82. Ke7 Qg7+ 83. Qf7 Qd4
84. d6 Qe5+ 85. Qe6 Qc5 86. Kf7 Qf5+ 87. Qf6 Qd5+ 88. Kf8 Qa8+ 89. Ke7 Qe4+ 90.
Qe6 Qb4 91. Kf7 Qf4+ 92. Ke8 Qa4+ 93. d7 Qb5 94. Kf8 Qf5+ 95. Qf7 Qc5+ 96. Kg8
Qd4 97. g7 Qd6 98. Kh8 Qd4 99. d8=Q Qxd8+ 100. g8=Q 1-0

[Event "Bundesliga 0910"]
[Site "Germany"]
[Date "2009.12.12"]
[Round "5.4"]
[White "Schneider, Ilja"]
[Black "Glek, Igor Vladimirovich"]
[Result "1-0"]
[WhiteElo "2500"]
[BlackElo "2537"]
[PlyCount "59"]
[EventDate "2009.10.16"]
[EventType "team-tourn"]
[EventRounds "15"]
[EventCountry "GER"]
[SourceTitle "CBM 133 Extra"]
[Source "ChessBase"]
[SourceDate "2010.01.05"]
[SourceVersion "1"]
[SourceVersionDate "2010.01.05"]
[SourceQuality "1"]
[WhiteTeam "Berlin SF"]
[BlackTeam "Katernberg"]
[WhiteTeamCountry "GER"]
[BlackTeamCountry "GER"]

1. d4 Nf6 2. Bg5 c6 3. Bxf6 gxf6 4. c4 e5 5. e3 d5 6. Nc3 Be6 7. Qb3 Nd7 8. Nf3
Qa5 9. cxd5 cxd5 10. Bb5 Bb4 11. O-O e4 12. Nh4 a6 13. Bxd7+ Kxd7 14. a3 Bxc3
15. bxc3 Rab8 16. f3 Rhc8 17. Rac1 f5 18. g4 Rg8 19. Kh1 fxg4 20. fxe4 g3 21.
Ng2 gxh2 22. Nf4 dxe4 23. c4 Qg5 24. Qa4+ Kc7 25. Qc2 Bg4 26. Qxe4 Bf5 27. Qd5
Rgd8 28. Qc5+ Kd7 29. Ng2 Rg8 30. Qd5+ 1-0

[Event "Bundesliga 0910"]
[Site "Germany"]
[Date "2010.02.27"]
[Round "10.3"]
[White "Schneider, Ilja"]
[Black "Haslinger, Stewart"]
[Result "1-0"]
[WhiteElo "2500"]
[BlackElo "2529"]
[PlyCount "115"]
[EventDate "2009.10.16"]
[EventType "team-tourn"]
[EventRounds "15"]
[EventCountry "GER"]
[SourceTitle "EXT 2011"]
[Source "ChessBase"]
[SourceDate "2010.11.26"]
[SourceVersion "1"]
[SourceVersionDate "2010.11.26"]
[SourceQuality "1"]
[WhiteTeam "Berlin SF"]
[BlackTeam "Trier"]
[WhiteTeamCountry "GER"]
[BlackTeamCountry "GER"]

1. e4 e5 2. Nf3 Nc6 3. Nc3 Nf6 4. d4 exd4 5. Nxd4 Bb4 6. Nxc6 bxc6 7. Bd3 d5 8.
exd5 cxd5 9. O-O O-O 10. Bg5 c6 11. Qf3 Bd6 12. Rfe1 Rb8 13. Na4 h6 14. Bf4 c5
15. b3 Be6 16. h3 Rb4 17. Bxd6 Qxd6 18. c3 Rbb8 19. Rad1 Bd7 20. Nb2 Rfe8 21.
Rxe8+ Rxe8 22. Nc4 Qc7 23. Ne3 Qe5 24. c4 d4 25. Nd5 Nxd5 26. cxd5 Qd6 27. Bc4
Bc8 28. Qd3 Bb7 29. b4 Bxd5 30. Bxd5 Qxd5 31. bxc5 Qxc5 32. Qxd4 Re1+ 33. Kh2
Qc7+ 34. Qd6 Qxd6+ 35. Rxd6 Re7 36. Ra6 Kf8 37. Kg3 Ke8 38. f4 Rc7 39. Kh4 f6
40. Kh5 Kf7 41. f5 Rb7 42. g4 Rd7 43. a4 Rc7 44. a5 Re7 45. Rc6 Re3 46. h4 Re4
47. a6 Re7 48. Rc8 g6+ 49. Kxh6 gxf5 50. gxf5 Rd7 51. Rh8 Rd4 52. Rh7+ Kf8 53.
Kg6 Rg4+ 54. Kxf6 Kg8 55. Rxa7 Rxh4 56. Rg7+ Kh8 57. a7 Ra4 58. Rb7 1-0

[Event "Bundesliga 0910"]
[Site "Germany"]
[Date "2010.03.20"]
[Round "12.4"]
[White "Schneider, Ilja"]
[Black "Dgebuadze, Alexandre"]
[Result "1-0"]
[WhiteElo "2500"]
[BlackElo "2521"]
[PlyCount "197"]
[EventDate "2009.10.16"]
[EventType "team-tourn"]
[EventRounds "15"]
[EventCountry "GER"]
[SourceTitle "EXT 2011"]
[Source "ChessBase"]
[SourceDate "2010.11.26"]
[SourceVersion "1"]
[SourceVersionDate "2010.11.26"]
[SourceQuality "1"]
[WhiteTeam "Berlin SF"]
[BlackTeam "Remagen"]
[WhiteTeamCountry "GER"]
[BlackTeamCountry "GER"]

1. Nf3 e6 2. c4 Nf6 3. g3 a6 4. Bg2 b5 5. b3 Bb7 6. Nc3 d5 7. d4 Bb4 8. Bd2 c5
9. cxd5 exd5 10. O-O O-O 11. dxc5 Bxc5 12. Ne5 b4 13. Na4 Bd4 14. Nf3 Bxa1 15.
Bxb4 Re8 16. Qxa1 Nc6 17. Bc3 Rxe2 18. Nc5 Bc8 19. Rd1 Bg4 20. h3 Qb6 21. Bxf6
Qxc5 22. Bd4 Nxd4 23. Qxd4 Qxd4 24. Nxd4 Rxf2 25. hxg4 Rxa2 26. Bxd5 Re8 27.
Rf1 Re7 28. Nc6 Rd7 29. Bc4 g5 30. Ne5 Rdd2 31. Rxf7 Kh8 32. Bf1 Rd1 33. Rf2
Rxf2 34. Kxf2 Ra1 35. Nf7+ Kg7 36. Nxg5 Ra2+ 37. Kf3 Ra3 38. Bc4 a5 39. Kf4 a4
40. Ne6+ Kg6 41. Nc5 axb3 42. Bxb3 h6 43. Bc2+ Kg7 44. Bf5 Ra1 45. Bd3 Ra5 46.
Ne4 Ra3 47. Bb5 Rb3 48. Bd7 Rb7 49. Bf5 Rb1 50. g5 Rf1+ 51. Ke5 hxg5 52. Nxg5
Kh6 53. Ne4 Rf3 54. g4 Kg7 55. Ng5 Ra3 56. Ne6+ Kf7 57. Kf4 Kf6 58. Ng5 Ra1 59.
Ne4+ Kg7 60. Kg5 Ra5 61. Ng3 Ra6 62. Nh5+ Kf7 63. Nf4 Ra5 64. Ne6 Ra1 65. Nd4
Rd1 66. Ne2 Ra1 67. Bg6+ Kg7 68. Ng3 Ra5+ 69. Nf5+ Kh8 70. Kh6 Ra7 71. Nd6 Rd7
72. Ne4 Rf7 73. Kg5 Ra7 74. Nd6 Ra6 75. Nf5 Re6 76. Bf7 Rb6 77. Kh5 Rb5 78. Bg6
Rc5 79. g5 Ra5 80. Nd6 Ra6 81. Ne8 Kg8 82. Kh6 Re6 83. Nf6+ Kh8 84. Bf5 Ra6 85.
Kg6 Ra7 86. Bd7 Ra5 87. Kh6 Ra6 88. Kg6 Ra5 89. Ne4 Ra6+ 90. Kf7 Ra7 91. Nf6
Rc7 92. Kg6 Ra7 93. Be6 Re7 94. Bg4 Re5 95. Nd7 Re4 96. Bf5 Re7 97. Kf6 Rf7+
98. Ke6 Kg7 99. g6 1-0

[Event "AUT-chT 0910"]
[Site "Austria"]
[Date "2009.11.06"]
[Round "1.2"]
[White "Schneider, Ilja"]
[Black "Nanu, Ciprian Costica"]
[Result "1-0"]
[WhiteElo "2496"]
[BlackElo "2506"]
[PlyCount "61"]
[EventDate "2009.11.06"]
[EventType "team-tourn"]
[EventRounds "11"]
[EventCountry "AUT"]
[SourceTitle "EXT 2010"]
[Source "ChessBase"]
[SourceDate "2010.11.25"]
[SourceVersion "1"]
[SourceVersionDate "2010.11.25"]
[SourceQuality "1"]
[WhiteTeam "Wulkaprodersdorf"]
[BlackTeam "Graz Styria"]
[WhiteTeamCountry "AUT"]
[BlackTeamCountry "AUT"]

1. d4 Nf6 2. Bg5 c5 3. Bxf6 gxf6 4. d5 Qb6 5. Qc1 f5 6. c3 d6 7. g3 Nd7 8. Bg2
Nf6 9. Nh3 h5 10. Nd2 h4 11. Qc2 Bd7 12. Nc4 Qa6 13. Ne3 e6 14. dxe6 fxe6 15.
g4 Rg8 16. gxf5 Bh6 17. Rg1 Bxe3 18. fxe3 exf5 19. O-O-O O-O-O 20. Qb3 Rde8 21.
Nf4 Rgf8 22. Bf3 Ng4 23. Rd2 Nxh2 24. Bh5 Rxe3 25. Rg8 Ree8 26. Bxe8 Rxe8 27.
Rxe8+ Bxe8 28. Qe6+ Bd7 29. Qg8+ Kc7 30. Nd5+ Kc6 31. Qg2 1-0

[Event "Bundesliga 1011"]
[Site "Germany"]
[Date "2011.02.04"]
[Round "7.6"]
[White "Schneider, Ilja"]
[Black "Heinemann, Thies"]
[Result "1-0"]
[WhiteElo "2519"]
[BlackElo "2488"]
[PlyCount "61"]
[EventDate "2010.10.09"]
[EventType "team-tourn"]
[EventRounds "15"]
[EventCountry "GER"]
[SourceTitle "EXT 2012"]
[Source "ChessBase"]
[SourceDate "2011.11.24"]
[SourceVersion "1"]
[SourceVersionDate "2011.11.24"]
[SourceQuality "1"]
[WhiteTeam "Berlin SF"]
[BlackTeam "Hamburger SK"]
[WhiteTeamCountry "GER"]
[BlackTeamCountry "GER"]

1. d4 Nf6 2. Bg5 d5 3. Bxf6 gxf6 4. c4 dxc4 5. e4 b5 6. a4 c6 7. axb5 cxb5 8.
Nc3 Bd7 9. Qh5 a6 10. Nf3 Nc6 11. Be2 Bg7 12. e5 O-O 13. O-O fxe5 14. dxe5 Qb8
15. Rad1 Be8 16. Nd5 f6 17. Qh3 Nxe5 18. Nxe7+ Kh8 19. Nf5 Qc8 20. N3h4 Ra7 21.
Rd6 Ng6 22. Bg4 Nxh4 23. Nxg7 Qc5 24. Nxe8 Rxe8 25. Rxf6 Qg5 26. Re6 Rxe6 27.
Bxe6 Rg7 28. Qg3 Qd8 29. Bg4 h5 30. Rd1 Qf6 31. Rd6 1-0

[Event "AUT-chT 1011"]
[Site "Austria"]
[Date "2010.11.19"]
[Round "1.5"]
[White "Shengelia, Davit"]
[Black "Schneider, Ilja"]
[Result "0-1"]
[WhiteElo "2578"]
[BlackElo "2519"]
[PlyCount "60"]
[EventDate "2010.11.19"]
[EventType "team-tourn"]
[EventRounds "11"]
[EventCountry "AUT"]
[SourceTitle "EXT 2011"]
[Source "ChessBase"]
[SourceDate "2010.11.26"]
[SourceVersion "1"]
[SourceVersionDate "2010.11.26"]
[SourceQuality "1"]
[WhiteTeam "Baden Invest"]
[BlackTeam "Wulkaprodersdorf"]
[WhiteTeamCountry "AUT"]
[BlackTeamCountry "AUT"]

1. d4 Nf6 2. Nf3 d5 3. c4 c6 4. e3 Bf5 5. Nc3 e6 6. Nh4 Be4 7. f3 Bg6 8. Qb3
Qc7 9. Bd2 Be7 10. Rc1 Nbd7 11. g3 a6 12. a4 Rc8 13. cxd5 Nxd5 14. Nxd5 exd5
15. Nxg6 hxg6 16. e4 dxe4 17. fxe4 Nf6 18. e5 Ne4 19. Bf4 g5 20. Bg2 gxf4 21.
Bxe4 Rd8 22. O-O Rxd4 23. Rxf4 Bg5 24. Rxc6 bxc6 25. Bxc6+ Rd7 26. e6 Bxf4 27.
Bxd7+ Ke7 28. gxf4 Qc1+ 29. Kg2 Qd2+ 30. Kf3 Rh3+ 0-1

[Event "AUT-chT 1011"]
[Site "Austria"]
[Date "2011.01.21"]
[Round "5.3"]
[White "Bokros, Albert"]
[Black "Schneider, Ilja"]
[Result "0-1"]
[WhiteElo "2501"]
[BlackElo "2519"]
[PlyCount "102"]
[EventDate "2010.11.19"]
[EventType "team-tourn"]
[EventRounds "11"]
[EventCountry "AUT"]
[SourceTitle "EXT 2012"]
[Source "ChessBase"]
[SourceDate "2011.11.24"]
[SourceVersion "1"]
[SourceVersionDate "2011.11.24"]
[SourceQuality "1"]
[WhiteTeam "Lackenbach"]
[BlackTeam "Wulkaprodersdorf"]
[WhiteTeamCountry "AUT"]
[BlackTeamCountry "AUT"]

1. e4 c6 2. d4 d5 3. e5 Bf5 4. Nf3 e6 5. Be2 c5 6. c4 dxc4 7. O-O Nc6 8. Be3
cxd4 9. Nxd4 Nxd4 10. Bxd4 Ne7 11. Bxc4 a6 12. Be3 Nc6 13. f4 Qxd1 14. Rxd1 Rc8
15. Nd2 g5 16. Nf3 gxf4 17. Bxf4 Nb4 18. Be2 Nd5 19. Bg5 Rg8 20. Rac1 Rxc1 21.
Rxc1 Kd7 22. Bd2 Bg7 23. Kf2 Bg4 24. Rc4 Bxf3 25. Bxf3 Bxe5 26. Rh4 Nf6 27.
Bxb7 Rb8 28. Rb4 a5 29. Rb5 Ne4+ 30. Ke2 Nxd2 31. Kxd2 Bxh2 32. Ba6 Rg8 33. Bb7
Bc7 34. Rb3 Be5 35. Rb5 Bc7 36. Ke2 f5 37. a3 Rg3 38. Bf3 e5 39. Bb7 h5 40.
Rd5+ Ke6 41. Rc5 Kd7 42. Rd5+ Bd6 43. Rd3 Rg4 44. Kf1 Rc4 45. Bd5 Rc2 46. b4 e4
47. Rh3 axb4 48. axb4 h4 49. Rxh4 Bg3 50. Rh3 Rc3 51. Rh5 Re3 0-1

[Event "Nord West Cup 13th"]
[Site "Bad Zwischenahn"]
[Date "2011.01.30"]
[Round "6"]
[White "Schneider, Ilja"]
[Black "Spirin, Oleg"]
[Result "1-0"]
[WhiteElo "2511"]
[BlackElo "2494"]
[Annotator "Gutman,L"]
[PlyCount "121"]
[EventDate "2011.01.27"]
[EventType "swiss"]
[EventRounds "7"]
[EventCountry "GER"]
[SourceTitle "CBM 141"]
[Source "ChessBase"]
[SourceDate "2011.03.17"]
[SourceVersion "1"]
[SourceVersionDate "2011.03.17"]
[SourceQuality "1"]

1. e4 c5 2. c3 d5 3. exd5 Qxd5 4. Nf3 Nf6 5. Na3 e6 6. d4 Qd8 7. Nc2 Nbd7 8.
Bd3 Qc7 ({Oleg Spirin zeigt sich bestens vorbereitet. Weniger überzeugt} 8...
Be7 9. O-O O-O 10. Qe2 b6 11. Bf4 Bb7 {Tiviakov-Arlandi, Plovdiv 2003,} 12. h3
$14) 9. Qe2 b6 $5 ({Dies ist genauer als} 9... Be7 10. O-O O-O 11. Bg5 Re8 (
11... b6 12. d5) 12. Bh4 $5 ({statt} 12. Ne3 b6 13. Rfe1 Bb7 $11 {
Godena-Tiviakov, Mondariz 2000}) 12... b6 13. Rad1 Bb7 14. Bg3 Bd6 15. Ne5 $14)
10. O-O Bb7 11. Bg5 ({Kaum besser wäre} 11. Na3 a6 12. Nc4 {gewesen, wie 12...}
Be7 13. Nce5 Nxe5 14. Nxe5 O-O 15. Bf4 Bd6 $11 {zeigt.}) 11... Be7 12. Rad1 O-O
13. Ne5 cxd4 14. Nxd7 Qxd7 15. Nxd4 Nd5 ({Spirin zieht die Vereinfachungen vor,
doch kam} 15... Qd5 16. Nf3 Qc6 17. Rfe1 h6 18. Bh4 Rfd8 $11 {ernsthaft in
Betracht.}) 16. Bxe7 Qxe7 17. Be4 ({Auf} 17. Qe5 {käme 17...} Rfd8 18. Be4 Rac8
19. Rfe1 Qc7 20. Qxc7 Rxc7 $11) 17... Nf6 ({Etwas nachhaltiger erscheint} 17...
Rfd8 18. Qf3 Rac8 19. Rfe1 g6 $11) 18. Bf3 Bxf3 19. Qxf3 Rac8 20. Rd2 h6 21.
Rfd1 Rc5 ({Einfacher war} 21... Qc5 $11) 22. Nb3 Rcc8 ({Und hier} 22... Rd5 23.
Rxd5 Nxd5 $11) 23. h3 Rfd8 24. Qe2 Rxd2 25. Qxd2 e5 ({Etwas dynamischer sieht} 
25... Qe8 $5 26. Qe2 Qa4 27. Nc1 Qa5 $11 {aus.}) 26. Qe2 Qe6 ({Möglich war} 
26... Qe8 27. Qa6 Rc7 $11) 27. Qa6 Rc7 28. Rd8+ Kh7 29. Qd3+ g6 ({Und jetzt} 
29... e4 $5 $11) 30. Rd6 Qe7 31. Nd2 Kg7 32. Kf1 Ne8 ({Zum Ausgleich reicht} 
32... Rd7 33. Ne4 Rxd6 34. Qxd6 Qxd6 35. Nxd6 Nd7 36. Ke2 Kf6 $11) 33. Rd8 Nf6
({Hier} 33... f5 $5 34. Nc4 Nf6 35. Qd6 Qxd6 36. Nxd6 Rd7 $11) 34. Qd6 Qxd6 35.
Rxd6 Ne8 36. Rd8 Nf6 37. Ke2 Nd7 ({Und wieder} 37... Rd7 $5 38. Rxd7 Nxd7 39.
Nc4 f5 40. Nd6 Kf6 $11) 38. Ne4 Nc5 $6 ({Nichts sprach gegen} 38... Nf6 39. Nd6
Rd7 40. Rxd7 Nxd7 41. c4 Kf6 42. Ke3 Ke6 43. Nb5 a5 $11 {mit remis.}) 39. Nxc5
Rxc5 40. Rd7 Ra5 41. a3 Kf6 42. Ke3 Ke6 43. Rc7 h5 44. c4 Rc5 $4 ({Ein
unglaublicher Fehler. Schwarz gelangt danach in ein völlig verlorenes
Bauernendspiel, wobei} 44... h4 45. Kd3 Ra4 46. Rc8 Ra5 47. Rh8 g5 48. Re8+ Kd7
49. Ra8 Ke6 50. Rg8 f6 51. Rb8 Kd6 52. Rb7 Ke6 $11 {immer noch zum Remis
reichte.}) 45. Rxc5 bxc5 46. b4 cxb4 47. axb4 f5 48. h4 Kd6 49. Kd3 Kc6 50. Kc3
Kb6 51. c5+ Kb5 52. f3 ({Oder} 52. Kd3 Kc6 53. Kc4) 52... a6 53. Kb3 a5 54.
bxa5 e4 55. fxe4 f4 56. e5 f3 57. gxf3 g5 58. e6 Kc6 59. e7 Kd7 60. e8=Q+ Kxe8
61. a6 1-0

[Event "Bundesliga 1112"]
[Site "Germany"]
[Date "2012.02.05"]
[Round "9.6"]
[White "Haslinger, Stewart"]
[Black "Schneider, Ilja"]
[Result "0-1"]
[WhiteElo "2542"]
[BlackElo "2472"]
[PlyCount "142"]
[EventDate "2011.10.14"]
[EventType "team-tourn"]
[EventRounds "15"]
[EventCountry "GER"]
[SourceTitle "CBM 148"]
[Source "ChessBase"]
[SourceDate "2012.05.16"]
[SourceVersion "1"]
[SourceVersionDate "2012.05.16"]
[SourceQuality "1"]
[WhiteTeam "Trier"]
[BlackTeam "Berlin SF"]
[WhiteTeamCountry "GER"]
[BlackTeamCountry "GER"]

1. e4 c6 2. d4 d5 3. e5 Bf5 4. Nf3 e6 5. Be2 c5 6. Be3 cxd4 7. Nxd4 Ne7 8. Nd2
Nbc6 9. N2f3 Be4 10. O-O Ng6 11. Bb5 Bxf3 12. Nxf3 Be7 13. c4 O-O 14. cxd5 exd5
15. Bxc6 bxc6 16. Rc1 Rc8 17. Bc5 Bxc5 18. Rxc5 Qe7 19. Qd4 Nf4 20. Rc2 Ne6 21.
Qd2 Rfd8 22. b4 a5 23. a3 c5 24. bxc5 Rxc5 25. Rc3 d4 26. Rd3 Rcd5 27. Rb1 h6
28. h3 Nc5 29. Rxd4 Rxd4 30. Nxd4 Qd7 31. Qxa5 Qxd4 32. Qb6 Ne6 33. Qxd4 Rxd4
34. Rb8+ Kh7 35. Rb7 Kg6 36. g3 Ra4 37. Rb3 Nd4 38. Rd3 Kf5 39. Re3 Ra5 40. f4
g5 41. fxg5 hxg5 42. Kf2 Rb5 43. Kf1 Rb1+ 44. Kg2 Rb2+ 45. Kf1 Rh2 46. Kg1 Rxh3
47. g4+ Kxg4 48. Re4+ Kf5 49. Rxd4 Rxa3 50. Rd7 Ke6 51. Rb7 Ra5 52. Kf2 Rxe5
53. Kf3 Kf6 54. Kg4 Kg6 55. Rb6+ Re6 56. Rb8 f5+ 57. Kf3 g4+ 58. Kf2 Kg5 59.
Rb5 Kf4 60. Rb8 g3+ 61. Kg2 Re2+ 62. Kf1 Kf3 63. Rb3+ Re3 64. Rb1 f4 65. Kg1
Kg4 66. Rb4 Kh3 67. Kf1 Rf3+ 68. Kg1 Ra3 69. Rxf4 Ra1+ 70. Rf1 Rxf1+ 71. Kxf1
Kh2 0-1

[Event "Bundesliga 1112"]
[Site "Germany"]
[Date "2012.02.25"]
[Round "10.5"]
[White "Schneider, Ilja"]
[Black "Braun, Arik"]
[Result "1-0"]
[WhiteElo "2472"]
[BlackElo "2560"]
[PlyCount "59"]
[EventDate "2011.10.14"]
[EventType "team-tourn"]
[EventRounds "15"]
[EventCountry "GER"]
[SourceTitle "CBM 148"]
[Source "ChessBase"]
[SourceDate "2012.05.16"]
[SourceVersion "1"]
[SourceVersionDate "2012.05.16"]
[SourceQuality "1"]
[WhiteTeam "Berlin SF"]
[BlackTeam "Eppingen"]
[WhiteTeamCountry "GER"]
[BlackTeamCountry "GER"]

1. d4 d5 2. c4 c6 3. Nf3 Nf6 4. Nc3 dxc4 5. e3 b5 6. a4 b4 7. Nb1 e6 8. Bxc4
Nbd7 9. O-O Be7 10. Nbd2 O-O 11. b3 Bb7 12. Bb2 c5 13. Qe2 a6 14. dxc5 Nxc5 15.
Rfd1 Qb6 16. Ne5 Nd5 17. Bd4 Qc7 18. Bxd5 Bxd5 19. Rac1 Rac8 20. e4 Ba8 21. Nd3
Qa5 22. Bxc5 Bxc5 23. Nc4 Qc7 24. Nce5 Qd6 25. Rxc5 Rxc5 26. Nxc5 Qxe5 27. Nd7
Qxe4 28. Qxe4 Bxe4 29. Nxf8 Kxf8 30. Rd4 1-0

[Event "AUT-chT 1112"]
[Site "Austria"]
[Date "2012.04.22"]
[Round "11.4"]
[White "Shengelia, Davit"]
[Black "Schneider, Ilja"]
[Result "0-1"]
[WhiteElo "2558"]
[BlackElo "2482"]
[PlyCount "31"]
[EventDate "2012.01.20"]
[EventType "team-tourn"]
[EventRounds "11"]
[EventCountry "AUT"]
[SourceTitle "EXT 2013"]
[Source "ChessBase"]
[SourceDate "2012.11.22"]
[SourceVersion "1"]
[SourceVersionDate "2012.11.22"]
[SourceQuality "1"]
[WhiteTeam "Baden"]
[BlackTeam "Wulkaprodersdorf"]
[WhiteTeamCountry "AUT"]
[BlackTeamCountry "AUT"]

1. c4 c6 2. Nf3 Nf6 3. Nc3 d5 4. e3 a6 5. Qc2 e6 6. b3 c5 7. Bb2 Nc6 8. a3 d4
9. exd4 cxd4 10. Na4 e5 11. d3 Bg4 12. Nd2 Rc8 13. c5 Nd7 14. Rc1 Na7 15. b4 b5
16. g3 0-1

[Event "Bundesliga 1213"]
[Site "Germany"]
[Date "2013.04.06"]
[Round "14.2"]
[White "Schneider, Ilja"]
[Black "Fressinet, Laurent"]
[Result "1-0"]
[WhiteElo "2489"]
[BlackElo "2702"]
[PlyCount "93"]
[EventDate "2012.10.20"]
[EventType "team-tourn"]
[EventRounds "15"]
[EventCountry "GER"]
[SourceTitle "CBM 154"]
[Source "ChessBase"]
[SourceDate "2013.05.15"]
[SourceVersion "1"]
[SourceVersionDate "2013.05.15"]
[SourceQuality "1"]
[WhiteTeam "Berlin SF"]
[BlackTeam "Werder Bremen"]
[WhiteTeamCountry "GER"]
[BlackTeamCountry "GER"]

1. d4 e6 2. e4 d5 3. Bd3 dxe4 4. Bxe4 Nf6 5. Bf3 c5 6. Ne2 Nc6 7. Be3 cxd4 8.
Nxd4 Ne5 9. Nc3 Be7 10. Ndb5 Bd7 11. Bxb7 Rb8 12. Ba6 O-O 13. Bf4 Qa5 14. Bxe5
Bxb5 15. Bxb5 Rxb5 16. Bc7 Qxc7 17. Nxb5 Qa5+ 18. Nc3 Ba3 19. bxa3 Qxc3+ 20.
Kf1 Ne4 21. Qe1 Qxc2 22. Kg1 Nc3 23. h3 Nd5 24. Kh2 Qc7+ 25. g3 h5 26. Rc1 Qd6
27. Rc4 Qxa3 28. Qe2 Qa6 29. Re4 Qxe2 30. Rxe2 Rb8 31. h4 g6 32. Rc1 Rb4 33.
Rcc2 Ra4 34. Rb2 Kf8 35. Rec2 a5 36. Rb7 Kg7 37. Kg1 Kf6 38. Rcb2 Rb4 39. Rb3
Rxb7 40. Rxb7 Nc3 41. a3 e5 42. Rc7 Ne2+ 43. Kg2 Nd4 44. Rc5 Nb3 45. Rb5 a4 46.
Rb4 Nc5 47. Rc4 1-0

[Event "Bundesliga 1314"]
[Site "Germany"]
[Date "2014.02.08"]
[Round "7.2"]
[White "Naiditsch, Arkadij"]
[Black "Schneider, Ilja"]
[Result "0-1"]
[WhiteElo "2724"]
[BlackElo "2514"]
[PlyCount "84"]
[EventDate "2013.10.12"]
[EventType "team-tourn"]
[EventRounds "15"]
[EventCountry "GER"]
[SourceTitle "CBM 159"]
[Source "ChessBase"]
[SourceDate "2014.03.17"]
[SourceVersion "1"]
[SourceVersionDate "2014.03.17"]
[SourceQuality "1"]
[WhiteTeam "Baden-Baden"]
[BlackTeam "Berlin SF"]
[WhiteTeamCountry "GER"]
[BlackTeamCountry "GER"]

1. c4 c6 2. e4 d5 3. exd5 cxd5 4. d4 Nf6 5. Nc3 Nc6 6. Bg5 dxc4 7. Bxc4 h6 8.
Bf4 e6 9. Nf3 Bd6 10. Be5 a6 11. Qe2 b5 12. Bd3 Nb4 13. Be4 Nxe4 14. Qxe4 Ra7
15. O-O O-O 16. Rad1 Bb7 17. Qg4 Bxe5 18. dxe5 Bxf3 19. Qxf3 Rd7 20. g3 Nd3 21.
Qe2 b4 22. Ne4 Nxe5 23. Nc5 Rd4 24. Nb3 Rd5 25. Rxd5 Qxd5 26. f4 Nd3 27. Rd1
Rd8 28. Qe3 Rd7 29. Rd2 Qc4 30. Qe2 Qb5 31. h4 Qb6+ 32. Kh2 Nc5 33. h5 Rxd2 34.
Nxd2 Qd6 35. Nc4 Qd5 36. b3 Nd3 37. Nb6 Qd4 38. Nc4 Qd5 39. Nb6 Qc5 40. Nc4 Nc1
41. Qd1 Qf2+ 42. Kh3 Ne2 0-1

[Event "AUT-chT 1314"]
[Site "Austria"]
[Date "2014.03.22"]
[Round "10.4"]
[White "Schneider, Ilja"]
[Black "Rogic, Davor"]
[Result "1-0"]
[WhiteElo "2511"]
[BlackElo "2566"]
[PlyCount "123"]
[EventDate "2013.12.06"]
[EventType "team-tourn"]
[EventRounds "11"]
[EventCountry "AUT"]
[SourceTitle "EXT 2015"]
[Source "ChessBase"]
[SourceDate "2014.11.20"]
[SourceVersion "1"]
[SourceVersionDate "2014.11.20"]
[SourceQuality "1"]
[WhiteTeam "Wulkaprodersdorf"]
[BlackTeam "St Veit/Glan"]
[WhiteTeamCountry "AUT"]
[BlackTeamCountry "AUT"]

1. d4 d5 2. c4 c6 3. Nf3 Nf6 4. e3 Bf5 5. Nc3 e6 6. Nh4 Bg6 7. Nxg6 hxg6 8. a3
Nbd7 9. g3 Be7 10. b3 O-O 11. Bg2 Qa5 12. Bd2 Qa6 13. Qe2 Rfe8 14. O-O Rad8 15.
Rfd1 b6 16. a4 c5 17. a5 Qc8 18. cxd5 exd5 19. axb6 axb6 20. Nxd5 Nxd5 21. Bxd5
Nf6 22. Bc4 Ne4 23. dxc5 Nxd2 24. Rxd2 Rxd2 25. Qxd2 Qxc5 26. Ra7 Rd8 27. Qc2
Kf8 28. Qe4 Qd6 29. Kg2 g5 30. Qf3 Qf6 31. Qh5 Kg8 32. Qf3 Kf8 33. Rb7 Qxf3+
34. Kxf3 Rd6 35. e4 g6 36. Bd5 f5 37. Ke3 fxe4 38. Kxe4 Bf6 39. b4 Bc3 40. b5
g4 41. Rf7+ Ke8 42. Rf4 Rf6 43. Rxf6 Bxf6 44. Be6 Bc3 45. Bxg4 Be1 46. f4 Kf7
47. Be2 Kf6 48. Kf3 Bd2 49. h4 Be1 50. Bc4 Kg7 51. Be6 Kh6 52. Bf7 Kg7 53. Be8
Kf6 54. Kg4 Bd2 55. Bd7 Ke7 56. Bc6 Kf6 57. Be8 Bc1 58. Kf3 Kg7 59. g4 Kh6 60.
g5+ Kh5 61. Kg3 Bd2 62. Bd7 1-0